000 00569nab a2200193 a 4500
005 20210219161437.0
008 991125s1985 mx 000 0 spa u
035 _aUPN01000185049
100 1 _aEscudero, Isabel
222 _aEDUC ACCION
245 _aLa comunalidad : una propuesta antropológica desde la diversidad cultural
260 _aHidalgo, México
300 _a101-111
362 0 _a2009 Nueva época, año 6, no. 9 (1, 2), ene.-dic.
653 0 _aCOMUNALIDAD
653 0 _aPUEBLOS INDIGENAS
653 0 _aDIVERSIDAD CULTURAL
905 _aArticulo
999 _c157152
_d157152